00342nam a2200133Ia 45000030006000000080041000060400015000471000030000622450056000922500011001482600020001595460012001790050017001910STCL150530s9999 xx 000 0 und d aSTCLcSTCL aHolden, K.; Pearson, A.W. aIntroductory mathematics for economics and business aSecond bMacmillanc1992 aEnglish20220125170059.0